Balearische Inseln - mit Karte - Statistiken

Allgemein
  • Dieses Quiz wurde 275 mal gespielt
  • Das Durchschnittsergebnis liegt bei 4 aus 5
Antworten auf der Karte
Die Antworten werden auf der Karte rot bzw. grün angezeigt, abhängig davon wie oft sie richtig erraten wurden.
 
Antwortstatistiken
Insel Einwohner Größe in km² Inselkette % Korrekt
1 M Mallorca 912.171 3.603,72 Gymnesianen
100%
2 M Menorca 95.641 694,72 Gymnesianen
97%
3 I Ibiza 151.827 571,76 Pityusen
96%
4 F Formentera 12.111 82,49 Pityusen
50%
5 C Cabrera 20 15,69 Gymnesianen
27%
Keine übereinstimmenden Quizze gefunden
Verteilung der Resultate
Anzahl Personen mit jedem Resultat
Perzentil nach korrekt beantworteten Fragen
Ihre Resultats-Entwicklung
Sie haben dieses Quiz noch nicht gespielt